| 000 | 00964 a2200313 4500 | ||
|---|---|---|---|
| 650 | 0 |
_920814 _aAvrupa Birliği |
|
| 999 |
_c200421245 _d38446 |
||
| 001 | 200421245 | ||
| 003 | TR-AnTOB | ||
| 005 | 20230622164804.0 | ||
| 007 | ta | ||
| 008 | 150204s tu 000 0 | ||
| 020 | _a0751515744 | ||
| 040 |
_aTR-AnTOB _btur _erda _cTR-AnTOB |
||
| 041 | 0 | _aeng | |
| 050 | 0 | 0 |
_aJN30 _b.N62 1996 |
| 090 |
_aJN30 _b.N62 1996 |
||
| 100 | 1 |
_aNoble, Alexander, _d1954- _4author _9103967 |
|
| 110 | 0 |
_aEuropean Union _9119877 |
|
| 245 | 1 | 0 |
_aFrom Rome to Maastricht : _bthe essential guide to the European Union / _cAlexander Noble. |
| 264 |
_aLondon : _bWarner, _c1996 |
||
| 300 |
_a168 page ; _c20 cm. |
||
| 336 |
_atext _2rdacontent |
||
| 337 |
_aunmediated _2rdamedia |
||
| 338 |
_avolume _2rdacarrier |
||
| 651 | 7 |
_aAvrupa Birliği ülkeleri _xSiyaset ve yönetim _2etuturkob _948880 |
|
| 651 | 0 |
_aEuropean Union countries _xPolitics and government _948879 |
|
| 942 |
_cBK _2lcc |
||